00492nam a2200145 a 450000500170000000800410001702000180005805000170007610000230009324500840011626000570020030000230025765000330028065000330031320140412111247.0010215s19uu xx 00 eng d a0-307-00456-2 aERbIc1 1989 aMaifair, Linda Lee aI can't wait until Christmas /cby Lind Lee Maifair ; illustrated by Joe Ewers. aNew York :bA Sesame Stree/Golden Press Book,c1989. a1 v. (unp.) ; ill. aChristmas stories -- Fiction aChildrens stories -- Fiction